Formovanie znalostnej ekonomiky v podmienkach SR

Vymedzenie ekonomiky založenej na znalostiach. Úroveň znalostnej ekonomiky v Slovenskej republike. Výdavky na výskum a vývoj. Zvyšovanie kvality vzdelávania. Index znalostnej ekonomiky.

Na minha lista:
Detalhes bibliográficos
Autor principal: Fifeková, Elena
Formato: Capítulo de Livro
Idioma:eslovaco
Assuntos:
Tags: Adicionar Tag
Sem tags, seja o primeiro a adicionar uma tag!

MARC

LEADER 00000nla$a2200000$$$4500
001 0107971
005 20240502083253.1
041 0 |a slo 
044 |a CZ 
245 1 0 |a Formovanie znalostnej ekonomiky v podmienkach SR  |c Elena Fifeková 
520 |a Vymedzenie ekonomiky založenej na znalostiach. Úroveň znalostnej ekonomiky v Slovenskej republike. Výdavky na výskum a vývoj. Zvyšovanie kvality vzdelávania. Index znalostnej ekonomiky. 
610 2 0 |a ekonomika vedomostná 
610 2 0 |a štát 
610 2 0 |a veda 
610 2 0 |a vedomosti 
610 2 0 |a výskum 
610 2 0 |a vývoj 
610 2 0 |a vzdelávanie 
610 2 0 |a Slovensko 
100 1 |a Fifeková, Elena